000 00724nam a2200241 i 4500
001 C2-0305586
003 PPAK
005 20180728090906.0
008 100826s2009 my a|||| ||||| | eng d
020 _a9789675080463
040 _aPPAK
_beng
_cPPAK
_erda
082 0 4 _a384.55
_223
090 0 0 _a384.55
_bZUL
_dG
100 0 _aZulkeflee Khalidin,
_eauthor
245 1 0 _aDIY satellite tv
264 1 _aKuantan, Pahang :
_bUniversiti Malaysia Pahang ,
_c2009
300 _ax, 55 pages :
_bcolour illustrations ;
_c23 cm
336 _2rdacontent
_atext
337 _2rdamedia
_aunmediated
338 _2rdacarrier
_avolume
650 1 0 _aDirect broadcast satellite television - Handbooks, manual, etc.
942 _ddc
_cB
999 _c108583
_d108583